000 01443naa a22002897a 4500
001 BR8905428
003 BR-BrBNA
005 20240918180545.0
007 ta
008 230509b bl.||||| |||| 00| 0 por d
040 _aBR-BrBNA
_bpor
_cBiblioteca Nacional de Agricultura
041 _a(Pt)
072 _aP06
_b/G514
090 _aP06 BR8905428
100 1 _aGirotto, A.F.
100 1 _aStulp, V.J.
111 1 _a27. Congresso Brasileiro de Economia e Sociologia Rural
_cPiracicaba, SP (Brazil)
_d24-28 Jul 1989
245 1 _aO biodigestor como alternativa energetica para a pequena propriedade rural
260 3 _aBrasilia, DF (Brasil):
_c1989.
500 _aOliveira, A.J. de; Lopes, I.V.; Vieira, R. de C.M.T.; Joi, S.M. ( Coords.) Anais do 27. Congresso Brasileiro de Economia e Sociologia Rural. A agricultura numa economia em crise: trabalhos de pesquisa Brasilia, DF (Brasil): 1989. p. 297-315 (BR8905428-AM)P06
650 _aPROPRIEDADE RURAL
650 _aBIODIGESTOR
650 _aRECURSO ENERGETICO
773 0 _tAnais do 27. Congresso Brasileiro de Economia e Sociologia Rural. A agricultura numa economia em crise: trabalhos de pesquisa
_aOliveira, A.J. de; Lopes, I.V.; Vieira, R. de C.M.T.; Joi, S.M. ( Coords.). Sociedade Brasileira de Economia e Sociologia Rural, Brasilia, DF (Brasil)
_b
_wP06 BR8905428
_gBrasilia, DF (Brasil), 1989. p. 297-315
909 _a202404
_bLucia
_c55
_dLucia Elande
942 _cAM
_2AGRIS
999 _c321038
_d321038